000 00470nam a2200193Ia 4500
003 GCL
008 140319s9999 xx 000 0 eng d
040 _aGCL /
_cGCL
082 0 4 _a708.4
_bM T
100 1 _aLACLATTE, MICHEL
245 1 0 _aTREESURES OF THE LOUVRE /
_cLACLATTE, MICHEL
260 _a[S.N] :
_bART ABRAS ،
_c1994
300 _a279 P
650 0 4 _aMUSEUMS
650 0 4 _aPARIS
650 0 4 _aART, FRANCE
650 0 4 _aLOUVER MUSEUME
942 _2ddc
_cBK
999 _c20900
_d20900